00504nam a2200169 a 450000500170000000800410001702000180005805000240007610000200010024500590012025000180017926000470019730000130024444000320025765000130028965000320030220140414132127.0130204s19uu xx 00 eng d a9780328470198 aTR 372.4bF716 2011 aForesman, Scott aFirst stop on reading street Grade 3: Unit 1 volume1/. aInternational aUnited States :bPearson Education,c2011. aiii,563p aMy Teaching Library Package aReading. aReading-study and teaching.